Catálogo

Vista normal Vista MARC

Entrada Personal Name

Número de registros utilizados en: 1

001 - CONTROL NUMBER

  • control field: 5626

003 - CONTROL NUMBER IDENTIFIER

  • control field: DLC

005 - DATE AND TIME OF LATEST TRANSACTION

  • control field: 20211129130609.0

008 - FIXED-LENGTH DATA ELEMENTS

  • fixed length control field: 170907 a|ac|n|aab||||||||||||a |n|||||||

010 ## - LIBRARY OF CONGRESS CONTROL NUMBER

  • LC control number: 86107848

040 ## - CATALOGING SOURCE

  • Original cataloging agency: DLC
  • Language of cataloging: spa
  • Description conventions: rda
  • Transcribing agency: Mx-PuUPA
  • Modifying agency: DLC
  • Modifying agency: OCoLC
  • Modifying agency: Mx-PuUPA

100 1# - HEADING--PERSONAL NAME

  • Personal name: Karam Bechara, José

372 ## - FIELD OF ACTIVITY

  • Field of activity: Clinica pediatrica y neumologia

374 ## - OCCUPATION

  • Occupation: Autor
  • Occupation: Director en clinica pediatrica y neumologia

375 ## - GENDER

  • Gender: hombre

377 ## - ASSOCIATED LANGUAGE

  • Language code: spa
  • Source of code: MARC code list for languages

400 1# - SEE FROM TRACING--PERSONAL NAME

  • Personal name: Bechara, José Karam

670 ## - SOURCE DATA FOUND

  • Source citation: His Neumología pediátrica, c1983:
  • Information found: t.p. (Dr. José Karam Bechara; especialista en pediatría, jefe del Servicio de Neumología y Laboratório de Fisiología Pulmonar Clínica del Hospital Infantil de México "Federico Gómez")

670 ## - SOURCE DATA FOUND

  • Source citation: Biblioteca del congreso (Estados Unidos), 07 septiembre 2017:
  • Information found: catálogo electrónico
  • Uniform Resource Identifier: https://goo.gl/GXdcTQ